Countries With a M and N - Statistics

General Stats
  • This quiz has been taken 43 times
    41 since last reset
  • The average score is 20 of 28
Answer Stats
Answer % Correct
Marshall Islands
91%
Mongolia
88%
Mauritania
84%
Suriname
84%
North Macedonia
81%
United Kingdom
81%
Dominican Republic
78%
Montenegro
78%
Romania
78%
Vietnam
78%
Dominica
75%
Fed. States of Micronesia
75%
Namibia
75%
Oman
75%
Solomon Islands
75%
Yemen
75%
D.R. Congo
72%
Germany
72%
Monaco
72%
United Arab Emirates
72%
Denmark
69%
Armenia
66%
Myanmar
66%
Cameroon
63%
San Marino
59%
Panama
56%
Turkmenistan
53%
Sao Tome and Principe
47%
No matching quizzes found
Score Distribution
Percent of People with Each Score
Percentile by Number Answered
Your Score History
You have not taken this quiz since the last reset